|
|
|
|
| LEADER |
00000nam a2200000 i 4500 |
| 001 |
1/31985 |
| 008 |
960425s1977 eng d |
| 020 |
|
|
|a 0902308564
|
| 035 |
|
|
|l 10023678
|
| 040 |
|
|
|a GR-MY-UA
|b gre
|e aacr
|
| 041 |
0 |
|
|a eng
|
| 100 |
1 |
|
|a Althusser, Louis.
|
| 245 |
1 |
0 |
|a Reading Capital /
|c Louis Althusser, Etienne Balibar ; translated by Ben Brewster
|
| 250 |
|
|
|a 2nd ed.
|
| 260 |
|
|
|a London :
|b NLB,
|c 1977
|
| 300 |
|
|
|a 340 p.;
|c 23 cm
|
| 500 |
|
|
|a Translation of: Lire "Le capital."
|
| 504 |
|
|
|a Includes bibliographical references and index
|
| 600 |
1 |
0 |
|a Marx, Karl,
|d 1818-1883.
|
| 650 |
0 |
0 |
|a Marxian economics.
|
| 700 |
1 |
|
|a Balibar, Etienne
|d 1942-
|
| 852 |
|
|
|a INST
|b CHIOS
|e 19960425
|h 335.412 ALT
|p 005200005358
|q 005200005358
|t BK
|y 0
|
| 909 |
|
|
|a Χ
|b 001739
|